LIBRARY & INFORMATION CENTRE, KCAET, TAVANUR

ONLINE PUBLIC ACCESS CATALOGUE (OPAC)

Milk Products (Record no. 14557)

MARC details
000 -LEADER
fixed length control field 00319nam a22001457a 4500
020 ## - INTERNATIONAL STANDARD BOOK NUMBER
ISBN 9788176220248
082 ## - DEWEY DECIMAL CLASSIFICATION NUMBER
Classification number 637
Item number HAR/MI
100 ## - MAIN ENTRY--AUTHOR NAME
Personal name Harvey,Clunie W.M.
100 ## - MAIN ENTRY--AUTHOR NAME
Personal name Hill,Harry
245 ## - TITLE STATEMENT
Title Milk Products
250 ## - EDITION STATEMENT
Edition statement 2 nd
260 ## - PUBLICATION, DISTRIBUTION, ETC. (IMPRINT)
Place of publication Delhi
Name of publisher Biotech Books
Year of publication 2012
300 ## - PHYSICAL DESCRIPTION
Number of Pages 343
942 ## - ADDED ENTRY ELEMENTS (KOHA)
Koha item type Books
Holdings
Withdrawn status Lost status Damaged status Collection code Home library Current library Shelving location Date acquired Source of acquisition Cost, normal purchase price Full call number Accession Number Koha item type
        KAUAET KAUAET General Stacks 16/07/2016 Universal Research Books 1050.00 637. HAR/MI 24300 Books
free website counter